Antología del cuento jalisciense /

保存先:
書誌詳細
第一著者: Flores, Ernesto (compilación y prólogo)
その他の著者: Covarrubias Ibarra, Gabriel (presentación) (presentación)
フォーマット: 図書
言語:スペイン語
出版事項: Guadalajara, México : Ayuntamiento de Guadalajara, 1991, c1991
タグ: タグ追加
タグなし, このレコードへの初めてのタグを付けませんか!

MARC

LEADER 00000nam^a2200000^a^4500
001 000624354
005 20251114000000.0
009 20260310133955.561
037 |a Acervo ITESO - Biblioteca 
041 |a ESP 
091 |a FOB. 02937 
100 |a Flores, Ernesto  |e (compilación y prólogo) 
245 1 0 |a Antología del cuento jalisciense / 
264 4 |a Guadalajara, México :  |b Ayuntamiento de Guadalajara,  |c 1991, c1991 
300 |a 2 v. (612 p.) 
336 |a texto  |b txt  |2 rdacontenido 
337 |a sin mediación  |b n  |2 rdamedio 
338 |a volumen  |b nc  |2 rdasoporte 
649 |a XX 
700 |a Covarrubias Ibarra, Gabriel  |e (presentación) 
910 |a Fondo Carlos de Obeso Orendain 
920 |a Impresos - Libros 
930 |a Fondos Especiales 
940 |a Literatura 
905 |a 147 
901 |a 624354-10  |b IT2  |c ESP  |i D88418  |u 20251114 
901 |a 624354-20  |b IT2  |c ESP  |i D  |u 20251114 
902 |a https://opac.biblio.iteso.mx/vufind/Record/000624354